| 000 | 01471nam a2200349 c 4500 | ||
|---|---|---|---|
| 003 | BLK | ||
| 005 | 20220408155841.0 | ||
| 008 | 180408b bul|||||r ||||||| ||bul|| | ||
| 010 | _aKNG00055142000 | ||
| 040 | _aBLK | ||
| 041 |
_aBUL _cBUL |
||
| 080 |
_aСъвременна индийска литература _b821.214 _x-93-32 _z821.214-93-32 |
||
| 100 | 1 |
_aЧандар, Кришан _eпърви автор _9140954 |
|
| 700 | 1 |
_aГрубешлиева, Мария _eпрев. от рус. _9368589 |
|
| 700 | 1 |
_aГалея, Е. _eхудож. _950764 |
|
| 139 |
_aЧандар Кришан _bЧ 22 |
||
| 245 | 1 | 0 |
_aОбърнатото дърво _bПовест-приказка _cЧандар Кришан; прев. от рус. Мария Грубешлиева; худож. Е. Галея. |
| 250 | _a2. изд. | ||
| 257 | _aIND | ||
| 260 |
_аРусе _bАтания _c1992 |
||
| 300 |
_a112 с. _bс ил. _c23 см |
||
| 380 | _aDX | ||
| 500 | _aОриг. загл. на урду ; Прев. от рус. изд. - 1. изд. 1959 на изд. Нар. младеж в За нач. училищна възраст. - Офс. изд. - 20 000 тир. | ||
| 653 | _aприказки | ||
| 653 | _aлитература за деца | ||
| 653 | _aдетска литература | ||
| 852 | _aЦб 209592 | ||
| 856 | 4 |
_qpdf _u |
|
| 856 | 4 |
_qpdf _u |
|
| 942 |
_cKNG _n0 _03 |
||
| 944 |
_aCR _c26.08.2005 _kЛюдмила_Стоянова |
||
| 944 |
_aED _c25.09.2015 _kТеодора_Стоянова |
||
| 999 |
_c51240 _d51240 |
||